The life of Samuel of Kalamun /

محفوظ في:

المؤلف الرئيسي: Isaac, the Presbyter (مؤلف)

مؤلفون آخرون: Alcock, Anthony.

التنسيق: كتاب

اللغة: English
Coptic

منشور في: Warminster, [Witshire), England : Aris and Phillip, c1983.

الموضوعات:

الوسوم: إضافة وسم

لا توجد وسوم, كن أول من يضع وسما على هذه التسجيلة!

رقم الطلب: BX139 .S2 I73 1983

LEADER 00922namaa2200265 4500
003 OSt
005 20251102075452.0
008 130303s1983 enk b 001 0beng d
020 |a 0856682195 
040 |c ARCE Library 
041 0 |a eng  |a cop 
050 4 |a BX139 .S2 I73 1983 
100 0 |a Isaac,  |c the Presbyter,  |e author 
245 1 4 |a The life of Samuel of Kalamun /  |c by Isaac the Presbyter ; edited and translated by Anthony Alcock. 
264 1 |a Warminster, [Witshire), England :  |b Aris and Phillip,  |c c1983. 
300 |a xi, 139 pages ;  |c 24 cm. 
504 |a Includes bibliographical references (pages 138-140) and indexes. 
546 |a Coptic and English. 
600 0 0 |a Samuel,‏  |c Abbot of Kalamun,‏  |d approximately 597-approximately 695. 
650 0 |a Abbots  |z Egypt  |v Biography  |9 1133 
650 0 |a Monks   |z Egypt   |v Biography. 
700 1 |a Alcock, Anthony. 
901 |a reviewed 
942 |c BK  |2 lcc 
999 |c 1549  |d 1549